Tre persone per un nome #3 - Statistics

Statistiche generali
  • Questo quiz è stato fatto 164 volte
  • Il punteggio medio è 12 su 16
Statistiche sulle risposte
Indizio Soluzione % Corretto
Cash, Dorelli, Depp Johnny
93%
De Grenet, Fox, Cristoforetti Samantha
92%
Jannacci, Iacchetti, Ferrari Enzo
90%
Tozzi, Bossi, Eco Umberto
89%
Hurt, Blake, Shakespeare William
89%
Mentana, Ruggeri, Papi Enrico
87%
Taricone, Aretino, Mennea Pietro
82%
Adams, Poehler, Winehouse Amy
79%
Nichetti, Costanzo, Gasparri Maurizio
79%
Izzo, Ventura, Halep Simona
77%
Harris, Penn, Connery Sean
74%
Williams, Grandi, Dandini Serena
68%
Longoria, Herzigová, Mendes Eva
56%
Oldman, Lineker, Sinise Gary
55%
Amelio, Letta, Minà Gianni
50%
Hamilton, Evangelista, McCartney Linda
32%
Nessun quiz corrispondente trovato
Distribuzione punteggi
Percentuale di utenti per punteggio
Percentile per numero di risposta
I tuoi punteggi nel tempo
Non hai fatto questo quiz